Top 100 Greatest NBA Players of All Time - Statistics

General Stats
  • This quiz has been taken 516 times
    323 since last reset
  • The average score is 62 of 100
Answer Stats
# Retired Player % Correct
1 ACTIVE Lebron James
99%
2 2003 Michael Jordan
97%
8 ACTIVE Stephen Curry
96%
3 1989 Kareem Abdul-Jabbar
95%
5 2016 Kobe Bryant
95%
13 ACTIVE Kevin Durant
94%
7 2011 Shaquille O'neal
94%
4 1996 Magic Johnson
93%
6 2016 Tim Duncan
92%
16 ACTIVE Giannis Antetokounmpo
89%
27 1974 Jerry West
89%
11 1992 Larry Bird
89%
18 ACTIVE Nikola Jokic
89%
12 1969 Bill Russell
86%
38 ACTIVE James Harden
86%
9 1973 Wilt Chamberlain
86%
15 2019 Dirk Nowitzki
85%
10 2002 Hakeem Olajuwon
85%
31 ACTIVE Russell Westbrook
85%
29 ACTIVE Chris Paul
83%
68 ACTIVE Kyrie Irving
83%
24 1987 Julius Erving
82%
19 2004 Karl Malone
80%
20 1995 Moses Malone
80%
23 2019 Dwyane Wade
78%
22 2016 Kevin Garnett
75%
50 ACTIVE Luka Doncic
75%
25 2003 Scottie Pippen
75%
14 1974 Oscar Robertson
74%
32 ACTIVE Kawhi Leonard
73%
75 ACTIVE Klay Thompson
72%
28 2010 Allen Iverson
71%
17 2003 John Stockton
71%
70 1984 David Thompson
70%
51 ACTIVE Anthony Davis
69%
26 2000 Charles Barkley
69%
21 2003 David Robinson
69%
35 1994 Isiah Thomas
69%
30 2015 Steve Nash
69%
41 2019 Tony Parker
68%
71 2017 Chris Bosh
67%
54 2000 Dennis Rodman
67%
45 2023 Carmelo Anthony
65%
65 ACTIVE Draymond Green
65%
53 ACTIVE Joel Embiid
65%
44 2014 Ray Allen
65%
39 2013 Jason Kidd
64%
56 2018 Manu Ginobili
64%
36 2017 Paul Pierce
64%
52 2020 Vince Carter
64%
60 1970 Bob Cousy
63%
76 ACTIVE Jayson Tatum
63%
49 ACTIVE Damian Lillard
62%
67 2022 Dwight Howard
61%
82 2024 Marc Gasol
61%
64 2021 Pau Gasol
61%
63 ACTIVE Paul George
61%
40 1998 Clyde Drexler
58%
33 2002 Patrick Ewing
58%
37 1978 John Havlicek
56%
59 1972 Elgin Baylor
55%
34 1993 Kevin Mchale
54%
46 2012 Tracy McGrady
54%
42 2005 Reggie MIller
53%
43 1999 Dominique Wilkins
52%
93 1975 Lenny Wilkens
52%
72 1997 Robert Parish
52%
58 2007 Gary Payton
51%
94 ACTIVE Kevin Love
51%
79 ACTIVE Jimmy Butler
50%
96 1956 George Mikan
49%
66 2012 Ben Wallace
48%
77 2024 Blake Griffin
48%
81 ACTIVE Devin Booker
48%
47 1994 James Worthy
48%
89 1986 George Gervin
46%
69 1974 Willis Reed
46%
73 2009 Dikembe Mutombo
45%
57 1981 Wes Unseld
45%
61 1986 Bob Mcadoo
44%
99 1983 Dave Cowens
43%
95 ACTIVE Demar Derozan
43%
88 ACTIVE Kyle Lowry
43%
97 2011 Yao Ming
43%
48 1981 Elvin Hayes
41%
80 1999 Joe Dumars
41%
62 1969 Sam Jones
40%
86 1980 Walt Frazier
40%
83 2013 Chauncey Billups
39%
90 1980 Rick Barry
39%
100 2024 Rajon Rondo
37%
55 2007 Chris Webber
36%
87 2008 Alonzo Mourning
35%
85 1980 Pete Maravich
34%
78 1991 Alex English
32%
74 2013 Grant Hill
31%
91 1993 Bernard King
28%
84 1984 Nate Archibald
23%
92 1991 Sidney Moncrief
17%
98 1985 Dan Issel
6%
No matching quizzes found
Score Distribution
Percent of People with Each Score
Percentile by Number Answered
Your Score History
You have not taken this quiz since the last reset